000 00489nam a2200181Ia 4500
005 20250326141713.0
008 250326s9999 xx 000 0 und d
037 _aTextbook
040 _aFMSL
_beng
_cFMSL
041 _aeng
_2eng
084 _qFMSL
100 _aIndia Govt. OF .....
245 0 _aStatistical abstract of India 1987
_cIndia Govt. OF .....
260 _aNew Delhi
_bNew Delhi, Govt of India
_c1987
300 _a644p
942 _cTB
999 _c1291569
_d1291569